Bob's Burgers Challenge - Statistics

General Stats
  • This quiz has been taken 106 times
  • The average score is 19 of 26
Answer Stats
Hint Answer % Correct
The Pesto Twins 2 Ollie
99%
School the kids go to Wagstaff
99%
Jimmy Jr.'s best friend Zeke
97%
The Pesto Twins 1 Andy
96%
School Councilor Mr. Frond
96%
Who is the middle child? Gene
94%
Animal with two butts Goat
91%
Name of Louise's enemy Logan
91%
Kid who stalks Louise Millie
88%
Linda loves Porcelain ____ Babies
87%
Name of Gayle's grey and white cat Mr. Business
87%
Item lost in a waterpark Ring
85%
Color of Gayle's glasses Blue
79%
Name of the hit boy band Boyz4now
78%
Louise's favorite toy Kuchi Kopi
75%
Name of Albino imaginary friend of Gene Ken
64%
Linda's parents 2 Al
61%
"Girl Scout" team that Tina is on Thunder Girls
60%
Logan's middle name Berry
58%
Linda's enemy Cynthia
57%
Linda's parents 1 Gloria
49%
Sport Linda is obsessed with Cheerleading
48%
Name of Tina's imaginary horse Jericko
45%
What is Tina's middle name? Ruth
42%
Blue Mushroom that Bob and Gene hunt for Woolly Neptune
37%
Music teacher Mrs. Merkins
10%
No matching quizzes found
Score Distribution
Percent of People with Each Score
Percentile by Number Answered
Your Score History
You have not taken this quiz